00318nam a2200121Ia 4500008004100000040001600041041001200057082002000069100002000089245003500109260004100144300001100185230917s9999||||xx |||||||||||||| ||und|| e41635aMAIN aEnglish a909.097671 A51I aAhmad, Khurshid 0aIslam: Its meaning and message aNew DelhibAmbika Publicationsc1977 a279 p.